Abuso sexual en la infancia : mitos, construcciones e injusticias: el éxito judicial del falso síndrome de alienación parental /
Guardado en:
| Autor Principal: | |
|---|---|
| Formato: | Libro |
| Idioma: | Spanish |
| Publicado: |
Ituzaingó :
Maipue,
2015.
|
| Edición: | 1a. ed. |
| Materias: | |
| Etiquetas: |
Agregar Etiqueta
Sin Etiquetas, Sea el primero en etiquetar este registro!
|
| LEADER | 00557nam a22001575a 4500 | ||
|---|---|---|---|
| 001 | DER.der013911 | ||
| 008 | 190903s2015####ag############000#0#spa#d | ||
| 005 | 20250825132643.0 | ||
| 245 | 1 | 0 | |a Abuso sexual en la infancia : |b mitos, construcciones e injusticias: el éxito judicial del falso síndrome de alienación parental / |c María Beatriz Müller. |
| 250 | |a 1a. ed. | ||
| 260 | |a Ituzaingó : |b Maipue, |c 2015. | ||
| 300 | |a 192 p. | ||
| 020 | |a 9789873615283 | ||
| 100 | 1 | |a Müller, María Beatriz. | |
| 650 | 7 | |a DERECHO PENAL | |
| 859 | |a DERECHO |b BIB. DERECHO |h 345 |i MUL |p 009067 | ||
